000 00367nam a22001457a 4500
020 _qPB.
040 _cFIZZA ISHAQ
082 _a006.312
_bDAV
100 _aOLSON,DAVID.
_9111045
245 _aINTRODUCTION TO BUSINESS DATA MINING /
_cDAVID OLSON.
250 _aINTERNATIONAL ED.
260 _aNEW YORK ;
_bMC GRAW,
_c2007.
300 _a273 P. ;
942 _2ddc
_cBK
999 _c594052
_d594052